| 000 | 01111cam a2200337 a 4500 | ||
|---|---|---|---|
| 001 | 14288093 | ||
| 003 | OSt | ||
| 005 | 20140310182657.0 | ||
| 008 | 060306r20041997nyu b 000 0 eng d | ||
| 010 | _a 2006367190 | ||
| 020 | _a9715048536 | ||
| 035 | _a(OCoLC)ocn156729573 | ||
| 040 |
_aNz _cNTAUP _dBTCTA _dDLC |
||
| 042 | _alccopycat | ||
| 050 | 0 | 0 |
_aBL 628.7 _b.M478 1997 |
| 082 | 0 | 4 |
_aM 291.13 _222 _bM21 1997 |
| 100 | 1 | _aMcKenna, Megan. | |
| 245 | 1 | 0 |
_aKeepers of the story _boral traditions in religion _cMcKenna, Megan |
| 260 |
_aNew York _bSeabury Books _cc1997 |
||
| 300 |
_axi, 211 p. _c22 cm. |
||
| 500 | _aOriginally published: Maryknoll, N.Y. : Orbis Books, c1997. | ||
| 504 | _aIncludes bibliographical references. | ||
| 521 | _aCollege students | ||
| 526 | _c1210L to 1700L | ||
| 541 | _j1 | ||
| 562 | _efor circulation : 1 copy in the collection | ||
| 650 | 0 |
_aStorytelling _xReligious aspects. |
|
| 906 |
_a7 _bcbc _ccopycat _d3 _encip _f20 _gy-gencatlg |
||
| 942 |
_2lcc _cBK _kM |
||
| 999 |
_c15133 _d15133 |
||